000 01051nam a22002297a 4500
999 _c17470
_d17470
003 AR-CdUCM
008 190313b ||||| |||| 00| 0 spa d
040 _aMUNICIPALIDAD PROVINCIAL DEL CUSCO
_cBIBLIOTECA MUNICIPAL DEL CUSCO
082 _215ed.
_a982 /
_bL54
100 _aLevene, Ricardo
_916943
245 _aLecciones de historia argentina /
260 _aBuenos Aires :
_bJ. Lajouae & Cía,
_c1934.
300 _a2 tomos ;
_bIlustraciones,
_c18.5 cm.
505 _aContenido: t.1 -- Fuentes de la historia colonial -- Causas determinantes del descubridero de américa -- Los aborígenes del territorio Argentino -- La conquista de América -- t.2: Historia de la independencia y de la organización nacional -- Insurrección del Paraguay -- Campaña de belgrano en el Paraguay, su fracaso -- Tendencias de la revolución...
650 _aHistoria
_9136
650 _aInsurrección
_937507
650 _aArgentina
_9511
650 _aDescubrimiento
_9249
700 _aGonzález, Joaquín V.
_916944
942 _2ddc
_cLIBROS
945 _aacv